000 00604nam a2200229Ia 4500
003 OSt
005 20250206135932.0
008 210210b1937 xxu||||| |||| 00| 0 eng d
040 _cAL
041 _ahin
082 _a861/94
100 _aHINDI PRACHAR SAMITI
_9198086
110 _bहिंदी प्रचार समिति
_9198087
245 _aGuldasta II:
_bगुल्दस्ता २
260 _aVardha
_b-
_c1937
440 _aII
_9198088
650 _aII
_9198089
650 _aGuldasta
_9198090
690 _aHindi Poetry
_9198091
906 _a023114
942 _2ddc
_cBK
999 _c148015
_d148015